Countries where the capital isn't the biggest city - Statistics

General Stats
  • This quiz has been taken 21 times
  • The average score is 16 of 32
Answer Stats
Continent Answer % Correct
Oceania Australia
93%
North America United States
93%
North America Canada
87%
South America Brazil
73%
Asia China
73%
Oceania New Zealand
73%
North America Belize
67%
South America Bolivia
67%
Africa Nigeria
60%
Europe Switzerland
60%
Oceania Fiji
53%
Oceania FS Micronesia
53%
Asia India
53%
Oceania Marshall Islands
53%
Oceania Palau
53%
Asia Turkey
53%
Europe Liechtenstein
47%
Africa Morocco
47%
Asia Pakistan
47%
Africa Benin
40%
Oceania Kiribati
40%
Asia Myanmar
40%
Europe San Marino
40%
Asia United Arab Emirates
40%
Africa Burundi
33%
North America Trinidad and Tobago
33%
Africa Equatorial Guinea
27%
Africa Eswatini
27%
Africa Gambia
27%
Africa Ivory Coast
27%
Asia Kazakhstan
27%
Europe Slovakia
7%
No matching quizzes found
Score Distribution
Percent of People with Each Score
Percentile by Number Answered
Your Score History
You have not taken this quiz